000
00339nam a2200133Ia 4500
008
240624s9999 xx 000 0 und d
041
_a
eng
082
_a
658.4092 BUR
100
_a
BURTON JOE
245
_a
CREATING MINDFUL LEADERS HOW TO POWER DO
260
_c
2018
_a
New Jersey
_b
Wiley
300
_a
xxi, 250 p.; 23 cm.
365
_c
_b
35
999
_c
31551
_d
31551